[Event "European Blitz 2015"]
[Site "Minsk BLR"]
[Date "2015.12.18"]
[Round "17.16"]
[White "Sychev, Klementy"]
[Black "Alekseev, Evgeny"]
[Result "1/2-1/2"]
[WhiteTitle "IM"]
[BlackTitle "GM"]
[WhiteElo "2415"]
[BlackElo "2642"]
[WhiteFideId "4114060"]
[BlackFideId "4138147"]
[EventDate "2015.12.18"]
[EventType "swiss (blitz)"]

1. d4 Nf6 2. c4 e6 3. Nf3 d5 4. Nc3 Bb4 5. cxd5 exd5 6. Bg5 Nbd7 7. e3 c5 8.
dxc5 Qa5 9. Rc1 Bxc3+ 10. bxc3 O-O 11. Nd4 Ne4 12. Bf4 Re8 13. Be2 Ndxc5 14. f3
Nf6 15. Qd2 Nh5 16. Bg5 Bd7 17. c4 Qxd2+ 18. Kxd2 dxc4 19. g4 Nf6 20. Bxf6 gxf6
21. Rxc4 b6 22. e4 Be6 23. Rc2 Red8 24. Ke3 Rd6 25. Rd1 Rad8 26. Rcd2 Bc8 27. a3
Bb7 28. h4 Ba8 29. h5 Bb7 30. h6 Ba8 31. Nb5 Rxd2 32. Rxd2 Rxd2 33. Kxd2 a5 34.
Nd6 Kf8 35. Nc4 Nd7 36. Ke3 Ke7 37. Kd4 Bc6 38. Ne3 Ne5 39. f4 Ng6 40. Nf5+ Kf8
41. Ke3 Ne7 42. Nd6 Ng8 43. Nc4 Nxh6 44. Nxb6 Ke7 45. Kd4 Kd8 46. Nc4 Bd7 47. f5
a4 48. Nb6 Bc6 49. Bf3 Ng8 50. Kc5 Ne7 51. Kb4 Nc8 52. Nxa4 Nd6 53. Nc3 Kc7 54.
Kc5 Nb7+ 55. Kd4 Kd6 56. a4 Nc5 57. Bd1 Nb7 58. Bb3 Nc5 59. Bc2 Nb7 60. Nb5+ Kd7
61. Bb3 Ke7 62. Bd5 Na5 63. Bxc6 Nxc6+ 64. Kc5 Ne5 65. a5 Kd7 66. a6 Kc8 67. Kb6
Nc4+ 68. Kc6 Kb8 69. Nd6 Ne5+ 70. Kb6 Nd7+ 71. Ka5 Ne5 72. Kb5 Nxg4 73. Nxf7 h5
74. e5 fxe5 75. f6 e4 76. Ng5 Nxf6 77. Kc4 h4 78. Kd4 Ka7 79. Ke5 e3 80. Kf4 e2
81. Nf3 Nd5+ 82. Kg4 Kxa6 83. Kxh4 Ne3 84. Kg3 1/2-1/2

[Event "European Blitz 2015"]
[Site "Minsk BLR"]
[Date "2015.12.18"]
[Round "17.17"]
[White "Popov, Ivan RUS"]
[Black "Ladva, Ottomar"]
[Result "0-1"]
[WhiteTitle "GM"]
[BlackTitle "IM"]
[WhiteElo "2650"]
[BlackElo "2401"]
[WhiteFideId "4170350"]
[BlackFideId "4500024"]
[EventDate "2015.12.18"]
[EventType "swiss (blitz)"]

1. e4 c5 2. Nf3 e6 3. d4 cxd4 4. Nxd4 Nc6 5. Nc3 a6 6. Nxc6 bxc6 7. Bd3 d5 8.
O-O Nf6 9. Qf3 Be7 10. Qg3 Kf8 11. Re1 h5 12. Bg5 Bb7 13. Rad1 g6 14. exd5 cxd5
15. Bxg6 fxg6 16. Rxe6 Kf7 17. Rde1 Re8 18. Bxf6 Bxf6 19. Rxe8 Qxe8 20. Rxe8
Rxe8 21. h3 d4 22. Qc7+ Re7 23. Qc4+ Kg7 24. Nd5 Re1+ 25. Kh2 Be5+ 26. g3 h4 27.
Kg2 Rd1 28. f4 Bd6 29. Kf3 hxg3 30. Kxg3 g5 31. Kg4 gxf4 32. Nxf4 Rg1+ 33. Kf5
Bxf4 34. Qxd4+ Kf7 35. Qxg1 0-1

[Event "European Blitz 2015"]
[Site "Minsk BLR"]
[Date "2015.12.18"]
[Round "17.18"]
[White "Kuzin, Anton"]
[Black "Kulaots, Kaido"]
[Result "0-1"]
[WhiteTitle "IM"]
[BlackTitle "GM"]
[WhiteElo "2409"]
[BlackElo "2574"]
[WhiteFideId "4148410"]
[BlackFideId "4500261"]
[EventDate "2015.12.18"]
[EventType "swiss (blitz)"]

1. d4 Nf6 2. Nf3 g6 3. Nc3 d5 4. Bf4 Bg7 5. e3 O-O 6. Be2 c6 7. Ne5 Qb6 8. Qd2
Qxb2 9. Rb1 Qa3 10. h4 h5 11. f3 Nbd7 12. g4 Nxe5 13. dxe5 Nd7 14. Rb3 Qa5 15.
gxh5 Nxe5 16. h6 Bf6 17. h5 Nc4 18. Qd3 Bf5 19. e4 dxe4 20. Qxc4 Be6 21. Qxe4
Bxb3 22. hxg6 Qxc3+ 23. Bd2 Qa1+ 24. Bd1 Bd5 25. Qg4 fxg6 26. Qxg6+ Kh8 0-1

[Event "European Blitz 2015"]
[Site "Minsk BLR"]
[Date "2015.12.18"]
[Round "17.19"]
[White "Romanov, Evgeny"]
[Black "Polivanov, Anatoliy"]
[Result "0-1"]
[WhiteTitle "GM"]
[BlackTitle "IM"]
[WhiteElo "2590"]
[BlackElo "2426"]
[WhiteFideId "4148843"]
[BlackFideId "14109468"]
[EventDate "2015.12.18"]
[EventType "swiss (blitz)"]

1. d4 g6 2. e4 Bg7 3. Nc3 d6 4. Nf3 a6 5. a4 b6 6. Be2 e6 7. O-O Bb7 8. Bg5 Ne7
9. e5 Nd7 10. exd6 cxd6 11. Qd2 h6 12. Bf4 Nf5 13. h3 O-O 14. d5 e5 15. Bh2 Nf6
16. Bc4 Re8 17. Qe2 e4 18. Ne1 e3 19. f3 Nh5 20. Ne4 Rc8 21. Bxa6 Nd4 22. Qd3
Bxa6 23. Qxa6 Nxc2 24. Rc1 e2 25. Rf2 Nxe1 26. Rxe1 Bd4 27. Qxe2 f5 28. Qd2
Bxf2+ 29. Nxf2 Qg5 30. Rxe8+ Rxe8 31. Qd1 Nf4 32. Bxf4 Qxf4 33. Nd3 Qd4+ 34. Kh2
Re3 35. Qc2 Rxd3 36. Qc8+ Kh7 37. Qd7+ Qg7 0-1

[Event "European Blitz 2015"]
[Site "Minsk BLR"]
[Date "2015.12.18"]
[Round "17.20"]
[White "Kovalev, Vladislav"]
[Black "Karpov, Vadim"]
[Result "1-0"]
[WhiteTitle "GM"]
[BlackTitle "IM"]
[WhiteElo "2546"]
[BlackElo "2377"]
[WhiteFideId "13504398"]
[BlackFideId "4155025"]
[EventDate "2015.12.18"]
[EventType "swiss (blitz)"]

1. d4 d5 2. Nc3 Nf6 3. Bf4 e6 4. Nb5 Na6 5. e3 Be7 6. Nf3 O-O 7. Bd3 b6 8. Ne5
Bb7 9. c3 c6 10. Na3 Nb8 11. f3 Nbd7 12. g4 Nxe5 13. Bxe5 Bd6 14. Bxd6 Qxd6 15.
g5 Nd7 16. f4 Rfe8 17. h4 a5 18. h5 Ba6 19. Bc2 c5 20. Qf3 b5 21. g6 fxg6 22. h6
Nf8 23. hxg7 Kxg7 24. Nb1 b4 25. Nd2 bxc3 26. bxc3 cxd4 27. exd4 Ra7 28. Qe3 Rf7
29. Rh4 Rc8 30. Nb3 Kg8 31. Kd2 Bc4 32. Nc5 Qe7 33. Rah1 Qf6 34. a3 Rb8 35. Kc1
Rd8 36. Qg3 Re7 37. Rh6 Rg7 38. Qg4 Rb8 39. Re1 Rb6 40. Rh2 Re7 41. Rh3 Rb8 42.
Rhe3 Rb6 43. Re5 Rd6 44. Kd2 Rb6 45. R5e3 Re8 46. Re5 Re7 47. Qg3 Re8 48. Qe3
Re7 49. Qg3 Re8 50. Qg4 Re7 51. R5e3 Re8 52. Re5 Re7 53. Qg3 Re8 54. f5 Rb2 55.
Kc1 Ra2 56. fxe6 Re7 57. Kd2 Kg7 58. Rb1 Nxe6 59. Rbe1 Nxc5 60. Rxe7+ Kf8 61.
Qb8# 1-0

[Event "European Blitz 2015"]
[Site "Minsk BLR"]
[Date "2015.12.18"]
[Round "17.21"]
[White "Pankov, German"]
[Black "Kryakvin, Dmitry"]
[Result "0-1"]
[WhiteTitle "IM"]
[BlackTitle "GM"]
[WhiteElo "2404"]
[BlackElo "2529"]
[WhiteFideId "4174569"]
[BlackFideId "4153278"]
[EventDate "2015.12.18"]
[EventType "swiss (blitz)"]

1. d4 Nf6 2. Nf3 g6 3. Bg5 Bg7 4. Bxf6 Bxf6 5. e3 O-O 6. Nbd2 d5 7. Bd3 c5 8. c3
Nd7 9. O-O e5 10. dxe5 Nxe5 11. Nxe5 Bxe5 12. Nf3 Bg7 13. e4 Be6 14. Re1 dxe4
15. Bxe4 Qb6 16. Qc2 Rad8 17. Red1 Rxd1+ 18. Rxd1 Rd8 19. Rxd8+ Qxd8 20. Bxb7
Qb6 21. Be4 Bxa2 22. h3 h6 23. Nd2 Be6 24. Bd3 Qb8 25. Bc4 Bf5 26. Qb3 Qxb3 27.
Nxb3 Bf8 28. Na5 Bd7 29. Bd5 Kg7 30. Nc6 a6 31. Nd8 Kf6 32. Nxf7 Be6 33. Bxe6
Kxe6 34. Nd8+ Kd5 35. Kf1 Kc4 36. Ne6 Bd6 37. Ke2 Kb3 38. Kd3 Kxb2 39. g4 a5 40.
f4 a4 41. f5 gxf5 42. gxf5 a3 0-1

[Event "European Blitz 2015"]
[Site "Minsk BLR"]
[Date "2015.12.18"]
[Round "17.22"]
[White "Jobava, Baadur"]
[Black "Smirnov, Alexey"]
[Result "1-0"]
[WhiteTitle "GM"]
[WhiteElo "2673"]
[BlackElo "2455"]
[WhiteFideId "13601520"]
[BlackFideId "4168437"]
[EventDate "2015.12.18"]
[EventType "swiss (blitz)"]

1. e4 c5 2. Nc3 d6 3. Nge2 Nf6 4. g3 g6 5. Bg2 Bg7 6. d3 O-O 7. O-O Nc6 8. h3
Rb8 9. f4 e6 10. g4 Nd4 11. Nxd4 cxd4 12. Ne2 Nd7 13. f5 b5 14. Kh1 a5 15. Ng3
Be5 16. Qe1 Qh4 17. Bf4 Bxf4 18. Rxf4 e5 19. Rf1 Nc5 20. Kh2 b4 21. Qd2 Bd7 22.
Rf2 h6 23. Raf1 Qg5 24. Qe1 Rbc8 25. b3 Rb8 26. Ne2 Rbe8 27. Rf3 Qd8 28. f6 Kh7
29. Rg3 Rh8 30. h4 Be6 31. g5 h5 32. Bf3 Qd7 1-0

[Event "European Blitz 2015"]
[Site "Minsk BLR"]
[Date "2015.12.18"]
[Round "17.23"]
[White "Demidov, Mikhail"]
[Black "Bordovsky, Vladimir"]
[Result "1-0"]
[WhiteTitle "IM"]
[WhiteElo "2485"]
[BlackElo "2380"]
[WhiteFideId "4197143"]
[BlackFideId "14118467"]
[EventDate "2015.12.18"]
[EventType "swiss (blitz)"]

1. d4 d6 2. Nf3 Nf6 3. g3 Bg4 4. Bg2 Nbd7 5. h3 Bh5 6. c4 c6 7. Qb3 Qb6 8. Nc3
e5 9. g4 Bg6 10. Be3 exd4 11. Bxd4 Nc5 12. Qxb6 axb6 13. Nd2 Nfd7 14. f4 f6 15.
O-O h5 16. b4 Na4 17. b5 Nxc3 18. Bxc3 Rc8 19. bxc6 bxc6 20. a4 d5 21. Bd4 c5
22. Bf2 dxc4 23. Nxc4 Bf7 24. Rfc1 hxg4 25. hxg4 Be6 26. Bf3 Be7 27. Rab1 Bxc4
28. Rxc4 Bd6 29. Rd1 Bb8 30. Re4+ Kd8 31. Re6 Re8 32. Rxb6 Bc7 33. Rb7 Re7 34.
Bxc5 Re6 35. Ba7 Ra6 36. Be4 Ke7 37. Bf5 Rd6 38. Rxd6 Kxd6 39. a5 Ra8 40. a6 Nb8
41. Bd3 Nc6 42. Be3 Ba5 43. Kf2 Nb4 44. Rxg7 Nxd3+ 45. exd3 Rxa6 46. Kf3 Kd5 47.
Rd7+ Ke6 48. Ra7 Rxa7 49. f5+ Kd5 50. Bxa7 Bc3 51. Be3 Bb2 52. Kg3 Bc3 53. Kh4
Kd6 54. Kh5 Ke7 55. Kg6 Be5 56. Bh6 Bd4 57. Bg7 Be5 58. g5 1-0

[Event "European Blitz 2015"]
[Site "Minsk BLR"]
[Date "2015.12.18"]
[Round "17.24"]
[White "Sarana, Alexey"]
[Black "Rakhmanov, Aleksandr"]
[Result "0-1"]
[BlackTitle "GM"]
[WhiteElo "2432"]
[BlackElo "2640"]
[WhiteFideId "24133795"]
[BlackFideId "4173708"]
[EventDate "2015.12.18"]
[EventType "swiss (blitz)"]

1. Nf3 Nf6 2. g3 g6 3. Bg2 Bg7 4. d4 O-O 5. c4 c6 6. O-O d5 7. Qb3 Qb6 8. Nc3
Rd8 9. c5 Qxb3 10. axb3 Na6 11. Bf4 Ne8 12. Ra4 Nac7 13. b4 a6 14. Raa1 Ne6 15.
Be3 N8c7 16. Rfd1 Bd7 17. Ne1 Re8 18. f4 Rad8 19. Na4 Nf8 20. Nd3 Bf5 21. Nf2
Bc2 22. Rd2 Bxa4 23. Rxa4 Nb5 24. Bh3 f6 25. Ra1 f5 26. Rad1 Ne6 27. g4 Rf8 28.
gxf5 gxf5 29. Kg2 Rf6 30. Nh1 Bh6 31. Kf3 Rdf8 32. Ng3 Ng7 33. Bf2 Rg6 34. e3 e6
35. Ne2 Ne8 36. Bh4 Bg7 37. Nc3 Rh6 38. Kg3 Bf6 39. Bg5 Rg6 40. Kh4 Rh6+ 41. Kg3
Rh5 42. Nxb5 axb5 43. Rg2 Bxg5 44. fxg5 Rxg5+ 45. Kf4 Rxg2 46. Bxg2 Kf7 47. Ra1
Nf6 48. Ra7 Rb8 49. Bf3 Ke7 50. Ke5 Nd7+ 51. Kf4 Kf6 52. Ra1 e5+ 53. dxe5+ Nxe5
54. Be2 Ng6+ 55. Kf3 Re8 56. Ra7 Re7 57. Ra8 Nh4+ 58. Kf2 Re4 59. Rb8 Re7 60.
Bd3 Ng6 61. Bc2 Ne5 62. Rf8+ Rf7 63. Rd8 Ng4+ 64. Kf3 Nxh2+ 65. Kf4 Ng4 66. Bxf5
Nxe3 67. Bc8 Nc4 68. b3 0-1

[Event "European Blitz 2015"]
[Site "Minsk BLR"]
[Date "2015.12.18"]
[Round "17.25"]
[White "Efanov, Nikolai"]
[Black "Inarkiev, Ernesto"]
[Result "1/2-1/2"]
[WhiteTitle "IM"]
[BlackTitle "GM"]
[WhiteElo "2399"]
[BlackElo "2668"]
[WhiteFideId "4187997"]
[BlackFideId "4162722"]
[EventDate "2015.12.18"]
[EventType "swiss (blitz)"]

1. e4 c5 2. Nf3 e6 3. g3 Nc6 4. Bg2 Nf6 5. Qe2 d5 6. exd5 Nxd5 7. O-O Be7 8. Rd1
Bf6 9. Nc3 O-O 10. Ne4 Be7 11. c4 Nc7 12. d3 e5 13. Be3 Ne6 14. Nc3 Re8 15. Nd5
Bf8 16. h4 h6 17. Re1 Nc7 18. Nxc7 Qxc7 19. Nd2 Be6 20. Ne4 b6 21. Nc3 Rad8 22.
a3 Qd7 23. Rad1 Nd4 24. Qf1 Bg4 25. f3 Be6 26. f4 Bg4 27. Rd2 exf4 28. Bxf4 Rxe1
29. Qxe1 Nf3+ 30. Bxf3 Bxf3 31. Qe3 Bc6 32. Re2 Qxd3 33. Qxd3 Rxd3 34. Rd2 Rxd2
35. Bxd2 f6 36. Ne2 Kf7 37. h5 Bf3 38. Nf4 Bd6 39. Kf2 Bg4 40. b4 cxb4 41. axb4
a6 42. Ke3 Ke8 43. Kd4 Kd7 44. Kd5 Be5 45. Ke4 Kd6 46. Be3 Kc6 47. Bd2 Bd6 48.
Kd4 Bc7 49. Ke4 a5 50. b5+ Kc5 51. Nd5 f5+ 52. Kd3 Bxg3 53. Be3+ Kd6 54. Nxb6 f4
55. c5+ Kc7 56. Bxf4+ Bxf4 57. Nd5+ Kb7 58. Nxf4 a4 59. Kc3 Bd7 60. Kb4 a3 61.
c6+ Bxc6 62. bxc6+ Kxc6 63. Kxa3 Kd6 64. Kb4 Ke5 65. Ng6+ Kf5 66. Kc4 Kg5 67.
Kd3 Kxh5 68. Ne5 Kg5 69. Ke2 Kf4 70. Nf7 h5 71. Kf2 g5 72. Nxg5 Kxg5 1/2-1/2

[Event "European Blitz 2015"]
[Site "Minsk BLR"]
[Date "2015.12.18"]
[Round "17.26"]
[White "Pershin, Denis"]
[Black "Goganov, Aleksey"]
[Result "1-0"]
[BlackTitle "GM"]
[WhiteElo "2375"]
[BlackElo "2597"]
[WhiteFideId "24165506"]
[BlackFideId "24109959"]
[EventDate "2015.12.18"]
[EventType "swiss (blitz)"]

1. e3 d5 2. Nf3 Nf6 3. b3 g6 4. Bb2 Bg7 5. Be2 O-O 6. O-O c5 7. d4 cxd4 8. exd4
Nc6 9. Na3 Bf5 10. c4 Rc8 11. Nc2 h6 12. Ne3 Be6 13. a3 b6 14. Rc1 Na5 15. c5
Ne4 16. b4 Nc4 17. Bxc4 dxc4 18. Ba1 bxc5 19. bxc5 Bd5 20. Nxc4 Qd7 21. Nfd2
Nxd2 22. Qxd2 Rfd8 23. Ne3 Bc6 24. Rfd1 e6 25. f3 Ba4 26. Re1 Bxd4 27. Bxd4 Qxd4
28. Qxd4 Rxd4 29. Kf2 Kg7 30. Rc3 Bc6 31. Rd1 Rxd1 32. Nxd1 Rb8 33. Ne3 f5 34.
Nc4 Kf6 35. f4 g5 36. Ne5 Rb2+ 37. Ke3 gxf4+ 38. Kxf4 Bd5 39. c6 Rf2+ 40. Ke3
Rxg2 41. c7 Rg8 42. Nd7+ Ke7 43. c8=Q Rxc8 44. Rxc8 Kxd7 45. Rh8 e5 46. Rxh6 f4+
47. Ke2 e4 48. Rf6 Bc4+ 49. Ke1 f3 50. Kf2 Ke7 51. Rf4 Bd3 52. Ke3 Ke6 53. h4
Ke5 54. h5 f2 55. Rxf2 1-0

[Event "European Blitz 2015"]
[Site "Minsk BLR"]
[Date "2015.12.18"]
[Round "17.27"]
[White "Kazakovskiy, Valeriy"]
[Black "Mikhalevski, Victor"]
[Result "1/2-1/2"]
[WhiteTitle "IM"]
[BlackTitle "GM"]
[WhiteElo "2342"]
[BlackElo "2535"]
[WhiteFideId "13507443"]
[BlackFideId "2801914"]
[EventDate "2015.12.18"]
[EventType "swiss (blitz)"]

1. d4 Nf6 2. Nf3 g6 3. c4 Bg7 4. Nc3 d5 5. cxd5 Nxd5 6. e4 Nxc3 7. bxc3 c5 8.
Be3 O-O 9. Qd2 Qa5 10. Rc1 Rd8 11. d5 e6 12. Bg5 Re8 13. c4 Qxd2+ 14. Kxd2 b6
15. Bd3 Na6 16. h4 Nb4 17. Bb1 Bb2 18. Rce1 Ba6 19. a3 Bxa3 20. Kc3 exd5 21.
exd5 Nxd5+ 22. cxd5 Bb4+ 23. Kb3 Bxe1 24. Rxe1 Rxe1 25. Nxe1 Re8 26. Nc2 f6 27.
Bxf6 Rf8 28. Bc3 Rxf2 29. Ne3 Re2 30. Ng4 Kf7 31. g3 Bb7 32. Kc4 Ba6+ 33. Kb3
Ke7 34. Nf6 Kd6 35. Nxh7 Bb7 36. Nf6 b5 37. Bxg6 b4 38. Bb2 a5 39. Ne4+ Kxd5 40.
Nf6+ Ke6 41. Ng4 a4+ 42. Kxa4 Rxb2 43. Nh6 Bc6+ 44. Ka5 b3 45. Kb6 Bd5 46. Kxc5
Rg2 47. Bf7+ Ke5 48. Bxd5 b2 49. Ng4+ Kf5 50. Ne3+ Kf6 51. Be4 Rxg3 52. Nd5+ Ke5
53. Bb1 Rg1 54. Nc3 Rc1 55. Kb4 Kd4 56. Ne2+ Ke3 57. Nc3 Kd2 58. Ne4+ Ke3 59.
Nc3 Kd4 60. Ne2+ Ke3 61. Nc3 Rh1 62. Kb3 Rh2 63. h5 Rxh5 64. Kxb2 Rh2+ 65. Kb3 1/2-1/2

[Event "European Blitz 2015"]
[Site "Minsk BLR"]
[Date "2015.12.18"]
[Round "17.28"]
[White "Sharafiev, Azat"]
[Black "Kochetkov, German"]
[Result "0-1"]
[WhiteTitle "IM"]
[BlackTitle "IM"]
[WhiteElo "2420"]
[BlackElo "2338"]
[WhiteFideId "4186214"]
[BlackFideId "13500635"]
[EventDate "2015.12.18"]
[EventType "swiss (blitz)"]

1. d4 Nf6 2. Nf3 c5 3. d5 b5 4. Bg5 Qb6 5. c3 a6 6. a4 Bb7 7. Bxf6 Qxf6 8. e4 g5
9. axb5 Qg6 10. Nbd2 Bg7 11. bxa6 Nxa6 12. Qb3 Bc8 13. h4 g4 14. h5 Qh6 15. Nh4
e6 16. dxe6 fxe6 17. Nc4 O-O 18. Nb6 Qf4 19. Nf5 Qxe4+ 20. Ne3 g3 21. Nxa8 gxf2+
22. Kd2 Qxa8 23. Qa4 Bh6 24. Rh3 Qd5+ 25. Kc2 Qg5 26. Ng4 Nb4+ 27. cxb4 Qxg4 28.
bxc5 Qf5+ 29. Kb3 Bb7 30. Rg3+ Kh8 31. Qd4+ e5 32. Qd3 Qe6+ 33. Kc2 Bf4 34. Rh3
e4 35. Qc4 Bd5 36. Qd4+ Be5 37. Qe3 Bf4 38. Qd4+ Be5 39. Qe3 Bf4 40. Qd4+ Be5
41. Qe3 Bf4 42. Qxf2 e3 43. Qe2 Bb3+ 44. Kc1 Qc4+ 45. Qxc4 e2+ 46. Qxf4 e1=Q# 0-1

[Event "European Blitz 2015"]
[Site "Minsk BLR"]
[Date "2015.12.18"]
[Round "17.29"]
[White "Harutjunyan, Gevorg"]
[Black "Savitskiy, Sergey"]
[Result "0-1"]
[WhiteTitle "GM"]
[BlackTitle "FM"]
[WhiteElo "2436"]
[BlackElo "2365"]
[WhiteFideId "13300873"]
[BlackFideId "24105660"]
[EventDate "2015.12.18"]
[EventType "swiss (blitz)"]

1. Nf3 Nf6 2. g3 g6 3. b3 Bg7 4. Bb2 O-O 5. Bg2 d6 6. d4 Nbd7 7. O-O Nh5 8. c4
e5 9. dxe5 dxe5 10. Nc3 Re8 11. Qc2 c6 12. Rad1 Qe7 13. Ne4 f5 14. Nd6 Rf8 15.
Ba3 c5 16. Qd2 Nhf6 17. e4 f4 18. Bh3 Rd8 19. Ng5 Nf8 20. Bxc8 Raxc8 21. Nxc8
Rxc8 22. gxf4 h6 23. fxe5 Qxe5 24. f4 Qe7 25. e5 hxg5 26. exf6 Bxf6 27. Qd5+ Kh7
28. Rfe1 Qg7 29. fxg5 Bd4+ 30. Rxd4 cxd4 31. Re7 0-1

[Event "European Blitz 2015"]
[Site "Minsk BLR"]
[Date "2015.12.18"]
[Round "17.30"]
[White "Putka, Verners"]
[Black "Skliarov, Viktor"]
[Result "0-1"]
[BlackTitle "FM"]
[WhiteElo "2307"]
[BlackElo "2420"]
[WhiteFideId "11600659"]
[BlackFideId "14106736"]
[EventDate "2015.12.18"]
[EventType "swiss (blitz)"]

1. d4 Nf6 2. Nc3 c5 3. d5 d6 4. Bg5 Nbd7 5. Nf3 h6 6. Bf4 g5 7. Bg3 Bg7 8. h4 g4
9. Nd2 Nh5 10. Bh2 g3 11. Bg1 gxf2+ 12. Bxf2 Ne5 13. e3 Ng4 14. Be2 Nxf2 15.
Kxf2 Nf6 16. Bf3 h5 17. Nde4 Ng4+ 18. Bxg4 Bxg4 19. Qd3 Qd7 20. Qb5 a6 21. Qxd7+
Kxd7 22. a4 b5 23. axb5 axb5 24. Nxb5 Bxb2 25. Rxa8 Rxa8 26. Rb1 Be5 27. Nbc3 f5
28. Rb7+ Kc8 29. Rxe7 fxe4 30. Nxe4 Ra2 31. Nxc5 Rxc2+ 32. Kf1 Rxc5 0-1

[Event "European Blitz 2015"]
[Site "Minsk BLR"]
[Date "2015.12.18"]
[Round "17.31"]
[White "Gritsenko, Nikolai"]
[Black "Przybylski, Wojciech"]
[Result "1-0"]
[WhiteTitle "FM"]
[BlackTitle "FM"]
[WhiteElo "2309"]
[BlackElo "2337"]
[WhiteFideId "14112493"]
[BlackFideId "1117599"]
[EventDate "2015.12.18"]
[EventType "swiss (blitz)"]

1. e4 e5 2. Nf3 Nc6 3. Bb5 Nf6 4. Bxc6 dxc6 5. d3 Bd6 6. Nbd2 O-O 7. Nc4 Nd7 8.
O-O c5 9. a4 a5 10. Bd2 b6 11. Bc3 Re8 12. Nfd2 Nf8 13. Nxd6 Qxd6 14. Nc4 Qe7
15. Nxe5 Be6 16. b3 f6 17. Nc4 Nd7 18. f4 Rad8 19. Qf3 Nb8 20. Rae1 Qd7 21. Qg3
Kh8 22. Ne3 Nc6 23. Kh1 Nd4 24. Qh4 Rf8 25. Rf2 Rde8 26. h3 Qe7 27. g4 Bc8 28.
Qg3 Bb7 29. Kh2 Qd6 30. Nf5 Qd7 31. Rg1 Ne6 32. g5 fxg5 33. Nxg7 Nxg7 34. Qxg5
Rf7 35. Rfg2 Qe7 36. Bxg7+ Rxg7 37. Qxg7+ Qxg7 38. Rxg7 1-0

[Event "European Blitz 2015"]
[Site "Minsk BLR"]
[Date "2015.12.18"]
[Round "17.32"]
[White "Matinian, Nikita"]
[Black "Khoroshilov, Nikita"]
[Result "1/2-1/2"]
[WhiteTitle "IM"]
[WhiteElo "2470"]
[BlackElo "2294"]
[WhiteFideId "24129100"]
[BlackFideId "24145122"]
[EventDate "2015.12.18"]
[EventType "swiss (blitz)"]

1. e4 d6 2. d4 Nf6 3. Nc3 g6 4. f4 Bg7 5. Nf3 O-O 6. Bd3 Na6 7. O-O c5 8. d5 Rb8
9. Kh1 Nc7 10. a4 b6 11. Qe2 a6 12. Rd1 Bg4 13. h3 Bxf3 14. Qxf3 b5 15. axb5
axb5 16. Be2 Nd7 17. Ra7 b4 18. Nb1 Nb5 19. Bxb5 Rxb5 20. Nd2 Rb8 21. Nc4 Ra8
22. Rxa8 Qxa8 23. Qg4 Qa6 24. b3 Nb6 25. Nxb6 Qxb6 26. Qe2 Ra8 27. e5 Ra1 28. e6
f5 29. Be3 Qa5 30. Kh2 Bf6 31. Rxa1 Qxa1 32. g4 Qc3 33. g5 Bd4 34. Bxd4 cxd4 35.
Qa6 1/2-1/2

[Event "European Blitz 2015"]
[Site "Minsk BLR"]
[Date "2015.12.18"]
[Round "17.33"]
[White "Pogosian, Manvel"]
[Black "Makovskis, Georgijs"]
[Result "0-1"]
[WhiteElo "2382"]
[BlackElo "2236"]
[WhiteFideId "13503936"]
[BlackFideId "11601132"]
[EventDate "2015.12.18"]
[EventType "swiss (blitz)"]

1. d4 Nf6 2. c4 g6 3. Nf3 Bg7 4. g3 O-O 5. Bg2 c6 6. O-O d5 7. cxd5 cxd5 8. Ne5
e6 9. Nc3 Bd7 10. Bf4 Nc6 11. Rc1 a6 12. Na4 Nxe5 13. Bxe5 Rc8 14. Nc5 Bc6 15.
Qb3 Qe7 16. Qb6 Nd7 17. Nxd7 Qxd7 18. Bxg7 Kxg7 19. Rc5 Bb5 20. Re1 Rxc5 21.
dxc5 Rc8 22. b4 e5 23. Rd1 Bc6 24. e3 Qe6 25. Qa5 f5 26. a4 Qd7 27. b5 axb5 28.
axb5 Bxb5 29. Rxd5 Qe8 30. Qc3 Kh6 31. Rxe5 Qf7 32. Qd4 Rc7 33. Bd5 Qf6 34. Qf4+
Kg7 35. Re6 Qa1+ 36. Kg2 Qf1+ 37. Kf3 Be2# 0-1

[Event "European Blitz 2015"]
[Site "Minsk BLR"]
[Date "2015.12.18"]
[Round "17.34"]
[White "Konenkin, Dmitry"]
[Black "Kalinin, Michail Borisovich"]
[Result "1-0"]
[WhiteTitle "FM"]
[WhiteElo "2243"]
[BlackElo "2380"]
[WhiteFideId "4185781"]
[BlackFideId "4144104"]
[EventDate "2015.12.18"]
[EventType "swiss (blitz)"]

1. d4 d5 2. Bg5 c6 3. e3 Bf5 4. c4 Nd7 5. Nc3 Ngf6 6. Qb3 Qb6 7. c5 Qc7 8. Nf3
h6 9. Bf4 Qc8 10. Be2 g5 11. Bg3 Bg7 12. h4 g4 13. Ne5 h5 14. O-O Ne4 15. Nxe4
Bxe4 16. Nd3 O-O 17. Nf4 Bg6 18. Nxg6 fxg6 19. Bd3 Rf6 20. e4 e6 21. e5 Rf5 22.
Bxf5 gxf5 23. Bf4 Nf8 24. f3 Ng6 25. Bg5 Qd7 26. fxg4 hxg4 27. h5 Nf8 28. g3 Qf7
29. h6 Bh8 30. Kg2 Rc8 31. Rh1 Qg6 32. Bf4 Rc7 33. Rh4 a6 34. Rah1 Kh7 35. Rh5
Qe8 36. Rg5 Ng6 37. Qe3 Rd7 38. b4 Qd8 39. a4 Rf7 40. Rgh5 Qc7 41. Rb1 Qd8 42.
Qd2 Rc7 43. b5 cxb5 44. axb5 axb5 45. Rxb5 Qd7 46. Rb6 Qa4 47. Rxe6 Qc4 48. Rxf5
Nf8 49. Rxf8 1-0

[Event "European Blitz 2015"]
[Site "Minsk BLR"]
[Date "2015.12.18"]
[Round "17.35"]
[White "Girya, Olga"]
[Black "Navara, David"]
[Result "1/2-1/2"]
[WhiteTitle "WGM"]
[BlackTitle "GM"]
[WhiteElo "2456"]
[BlackElo "2730"]
[WhiteFideId "4195752"]
[BlackFideId "309095"]
[EventDate "2015.12.18"]
[EventType "swiss (blitz)"]

1. d4 Nf6 2. Nf3 d5 3. c4 c6 4. Nc3 e6 5. e3 Nbd7 6. Be2 dxc4 7. a4 Bd6 8. Nd2
e5 9. Nxc4 Bc7 10. b3 exd4 11. Qxd4 c5 12. Nd6+ Kf8 13. Qd2 Ne5 14. Nxc8 Rxc8
15. Qxd8+ Rxd8 16. Ba3 b6 17. O-O g6 18. b4 cxb4 19. Bxb4+ Kg7 20. Nb5 Bb8 21.
a5 Nc6 22. Bc3 Nxa5 23. Bxa5 bxa5 24. Rxa5 Rd2 25. Bf3 Rc8 26. Nxa7 Bxa7 27.
Rxa7 Rcc2 28. h3 h5 29. Rb1 Nd7 30. Rd1 Ne5 31. Rxd2 Nxf3+ 32. gxf3 Rxd2 33. Kg2
g5 34. Ra5 Kg6 35. Kg3 f6 36. Ra4 h4+ 37. Kg2 Rc2 38. f4 Rb2 39. Kf3 Rc2 40. Rb4
Ra2 41. Rc4 Rb2 42. fxg5 fxg5 43. Rc6+ Kf7 44. Ra6 Rc2 45. Rb6 Ra2 46. e4 Rc2
47. Kg4 Rxf2 48. Kxg5 Re2 49. Rf6+ Ke7 50. Rf4 Ke6 51. Rxh4 Re3 52. Kf4 Re1 53.
Rh6+ Kf7 54. Kf5 Rf1+ 55. Ke5 Rf2 56. Rh7+ Kg6 57. Rh8 Ra2 58. Rg8+ Kf7 59. Rg3
Ra5+ 60. Kf4 Kf6 61. Rb3 Kg6 62. Rd3 Kf6 63. Rd6+ Ke7 64. Rd5 Ra6 65. h4 Kf7 66.
h5 Kg7 67. Kf5 Kh6 68. Kf4 Rf6+ 69. Rf5 Ra6 70. Ke3 Ra4 71. Kf4 Rb4 72. Rd5 Ra4
73. Kf5 Kxh5 74. Kf6+ Kh6 75. e5 Rf4+ 76. Ke7 Ra4 77. e6 Kg6 78. Kd8 Kf6 79. Rd6
Ra8+ 80. Kd7 Ra7+ 81. Ke8 Re7+ 82. Kd8 Rxe6 1/2-1/2